000 00899nam a22002055i 4500
001 157456
003 ES-MaACL
005 20250905063051.0
008 040902s1887 fr |||| | fre d
100 1 _aLefranc, Abel,
_d1863-1952
_971251
245 1 0 _aHistoire de la ville de Noyon et de ses institutions jusqu'a la fin du XIIIe siècle /
_cpar Abel Lefranc.
260 _aParis :
_bF. Vieweg,
_c1887 (
_eMacon :
_fImp. Protat Frères)
300 _aX, 251 p. ;
_c24 cm.
490 1 _aBibliothéque de l'école des hautes études. Sciences philologiques et historiques ;
_vfasc. 75
651 4 _aNoyon (Francia)-
_xHistoria.
_9137285
651 4 _aFrancia-
_xInstituciones-
_xHistoria.
_9156505
830 1 0 _aBibliothèque de l'École des Hautes Études. Sciences historiques et philologiques
_vfasc. 75
_9229685
852 _aES-MaACL
_jC-7603
_z- Enc. hol.
999 _c157456
_d157456